|
|
|
|
| LEADER |
01754nam a22003492a 4500 |
| 001 |
000743586 |
| 003 |
CZ BrMZK |
| 005 |
20091224191837.0 |
| 007 |
ta |
| 008 |
041015s1964 xr er|||||||||||cze d |
| 015 |
|
|
|a cnb000477300
|
| 035 |
|
|
|a (OCoLC)42116793
|
| 040 |
|
|
|a ABA001
|b cze
|c OLA001
|d ABA001
|d BOA001
|
| 100 |
1 |
|
|a Kucler, Rudolf
|7 jk01070483
|4 aut
|
| 245 |
1 |
0 |
|a Anorganická chemie :
|b učeb. text pro přípravu dělníků ve školách dělnických povolání, učeb. obory skupiny chemie /
|c Rudolf Kucler
|
| 250 |
|
|
|a 2. vyd.
|
| 260 |
|
|
|a Praha :
|b Státní nakladatelství technické literatury,
|c 1964
|
| 300 |
|
|
|a 97, [2] s. :
|b [1] tb. ;
|
| 490 |
1 |
|
|a Knižnice dělníka v chemickém průmyslu
|
| 490 |
1 |
|
|a Řada chemické literatury
|
| 500 |
|
|
|a S obr. v textu
|
| 504 |
|
|
|a Obsahuje bibliografie
|
| 500 |
|
|
|a 3605 výt.
|
| 500 |
|
|
|a Vyd. ve spolupráci se sekcí pro chem. prům. Čs. vědecko-techn. společ.
|
| 520 |
2 |
|
|a Přehled formuluje základní poznatky přístupně a bez abstraktních definic; všechnu látku ovšem neobsáhl. Obecná část vysvětluje pojmy důležité jednak pro pochopení chemie, jednak pro dalši výklad. Do systematické části jsou zařazeny některé kovy a některé nekovy i jejich sloučeniny. Další pojmy probírá přirozené pokračování Organická chemie.
|
| 830 |
|
0 |
|a Knižnice dělníka v chemickém průmyslu
|
| 830 |
|
0 |
|a Řada chemické literatury
|0 s
|
| 910 |
|
|
|a BOA001
|b PK-0035.952
|b 1-0512.458
|
| 964 |
|
|
|a Chemie organická - přehledy
|
| 990 |
|
|
|a BK
|
| 996 |
7 |
|
|b 2619450197
|c 1-0512.458
|l MZK
|r Sklad / do 1 hodiny
|n 0
|w 000743586
|u 000020
|a 1
|e BOA001
|j MZK50
|s A
|
| 996 |
6 |
|
|b BC-166164
|c PK-0035.952
|l MZK
|r Sklad / do 1 hodiny
|n 0
|w 000743586
|u 000010
|a 1
|e BOA001
|j MZK50
|s P
|